Imágenes y símbolos en la arquitectura pintada española 1470-1560
Saved in:
| Main Author: | |
|---|---|
| Format: | Book |
| Language: | Spanish |
| Published: |
Barcelona
Anthropos
1993
|
| Series: | Iconografía palabra plástica, 18
|
| Subjects: | |
| Tags: |
Add Tag
No Tags, Be the first to tag this record!
|
MARC
| LEADER | 00000nam a2200000 a 4500 | ||
|---|---|---|---|
| 001 | UCY1207 | ||
| 003 | CL-VaPUC | ||
| 008 | 940824e19930000SP |||||||||||||||||spa|d | ||
| 082 | 0 | 4 | |a 704.94 |b AVI |2 21 |
| 100 | 0 | |a Avila, Ana |e author |9 329130 | |
| 245 | 1 | 0 | |a Imágenes y símbolos en la arquitectura pintada española 1470-1560 |
| 300 | |a 365 p | ||
| 942 | |c BK | ||
| 945 | |d 19940824 00:00:00 |a oaravena | ||
| 260 | |a Barcelona |b Anthropos |c 1993 | ||
| 650 | 0 | |a Simbolismo en el arte |9 265074 | |
| 650 | 7 | |a PINTURA RENACENTISTA OBRAS ILUSTRADAS |2 CL-VaPUC |9 267122 | |
| 650 | 0 | |a Iconografía |9 267998 | |
| 651 | 0 | |a España |9 254926 | |
| 583 | |a last modification |c 19940824 00:00:00 |k Rodrigo Vera | ||
| 490 | 0 | |a Iconografía palabra plástica, 18 | |
| 999 | |c 229983 |d 229981 | ||
| 952 | |0 0 |1 0 |4 0 |6 704_940000000000000_AVI_1993 |7 0 |8 X |9 231753 |a BIBHIS |b BIBHIS |d 2019-11-15 |i 2999986 |o 704.94 AVI 1993 |p 2999986 |r 2024-01-30 |w 2019-11-15 |y BK_X |k HIS | ||
| 952 | |0 0 |1 0 |4 0 |6 704_940000000000000_AVI_1993 |7 0 |8 A |9 231754 |a BIBCUR |b BIBCUR |d 2019-11-15 |i 3083985 |o 704.94 AVI 1993 |p 3083985 |r 2025-04-22 |w 2019-11-15 |y BK |k PER | ||